Normal view MARC view
  • Contabilidad

Entry Materia

Number of records used in: 28

001 - NÚMERO DE CONTROL DEL REGISTRO

  • campo de control: 8728

003 - IDENTIFICADOR DE NUMERO DE CONTROL

  • campo de control: UPN

005 - FECHA Y HORA DE LA ÚLTIMA TRANSACCIÓN

  • campo de control: 20221124113251.0

008 - DATOS DE LONGITUD FIJA

  • campo de control de longitud fija: nabaccnnaabn|||||||||| b |nc|||||d

035 ## - NÚMERO DE CONTROL DEL SISTEMA

  • Número de control del sistema: UPN10000008734

040 ## - FUENTE DE LA CATALOGACIÓN

  • Lengua de catalogación: SPA
  • Agencia de transcripción: UPN
  • Centro catalogador de origen: MX-MxUPN

046 ## - FECHAS CON CODIFICACIÓN ESPECIAL

  • Fecha final para contenidos agregados: 2022

150 ## - ENCABEZAMIENTO - TEMÁTICO

  • Término de materia o nombre geográfico como elemento inicial: Contabilidad

360 ## - REFERENCIA COMPLEJA DE VÉASE ADEMÁS - MATERIA

  • Texto explicativo: Véase también bajo nombres de industrias, profesiones, comercios, etc. Ej.:
  • Encabezamiento al que se remite: CINEMATOGRAFIA - CONTABILIDAD ; CUEROS Y PIELES - CONTABILIDAD ; SOCIEDADES ANONIMAS - CONTABILIDAD
  • Texto explicativo: y también bajo
  • Encabezamiento al que se remite: FINANZAS PUBLICAS - [lugar].
  • Texto explicativo: Ej.:
  • Encabezamiento al que se remite: FINANZAS PUBLICAS - GRAN BRETAÑA - CONTABILIDAD

670 ## - FUENTE EN LA QUE SE LOCALIZARON DATOS

  • Cita de la fuente: E

902 ## - CATALOGADOR

  • Catalogador: LG/180697